[Event "Wch U20"]
[Site "Halle"]
[Date "1995.??.??"]
[Round "8"]
[White "Shaked, Tal"]
[Black "Sammalvuo, Tapani"]
[Result "0-1"]
[WhiteElo "2430"]
[BlackElo "2310"]

1.e4 c5 2.c3 Nf6 3.e5 Nd5 4.d4 cxd4 5.Nf3 Nc6 6.Bc4 Nb6 7.Bb3 d5 8.exd6 Qxd6
9.Na3 dxc3 10.Nb5 Qb8 11.O-O e6 12.g3 Be7 13.Re1 cxb2 14.Bxb2 O-O 15.Ne5 Nd5
16.Bxd5 exd5 17.Nxc6 bxc6 18.Rxe7 Qxb5 19.Bxg7 Kxg7 20.Qd4+ Kg6 21.h4 h5
22.Qf4 f6 23.Qc7 Bf5 24.Rh7 Bb1 25.Qg7+ Kf5 26.Qd7+ Kg6 27.g4 hxg4 28.Rg7+ Kh6
29.Qxg4 Rae8 30.h5 Re1+ 31.Kh2 Qb8+ 32.Kg2 Be4+ 33.f3 Qb2+ 34.Kh3 Qc2 35.Rxe1 Bf5
36.Rg6+ Bxg6 37.hxg6 Qxg6 38.Qf4+ Qg5 39.Qc7 Rg8 40.Rh1  0-1

[Event "Wch U20"]
[Site "Halle"]
[Date "1995.??.??"]
[Round "8"]
[White "Proehl, Holger"]
[Black "Krakops, Maris"]
[Result "1/2-1/2"]
[WhiteElo "2365"]
[BlackElo "2525"]

1.e4 c5 2.c3 Nf6 3.e5 Nd5 4.g3 Nc6 5.Bg2 e6 6.Nf3 d6 7.exd6 Bxd6 8.O-O O-O
9.d4 cxd4 10.Nxd4 Nxd4 11.Qxd4 Qc7 12.Nd2 Rd8 13.Qc4 Qb6 14.a4 a5 15.Qb3 Qc7
16.Nf3 Bd7 17.Nd4 Bc5  1/2-1/2

[Event "Wichern op"]
[Site "Hamburg"]
[Date "1995.??.??"]
[Round "1"]
[White "Pinkus, Lutz"]
[Black "Mowsziszian, Karen"]
[Result "0-1"]
[WhiteElo "2215"]
[BlackElo "2440"]

1.e4 c5 2.c3 Nf6 3.e5 Nd5 4.d4 cxd4 5.Qxd4 e6 6.Bc4 Nc6 7.Qe4 f5 8.Qe2 Nde7
9.Nf3 Qc7 10.Na3 a6 11.O-O Ng6 12.Re1 b5 13.Bd3 Bb7 14.Nc2 Na5 15.h4 Bxf3
16.Qxf3 Nc6 17.Nd4 Nxh4 18.Qh5+ Ng6 19.Nxf5 exf5 20.Bxf5 Ne7 21.e6 d5 22.Bxg6+ Nxg6
23.Qxd5 Rc8 24.Bg5 Be7 25.Bxe7 Qxe7 26.Qf3 Nh4 27.Qh5+ g6 28.Qd5 O-O 29.Rad1 Rc5
30.Qd7 Qg5 31.Qb7 Rc7 32.Qd5 Nf3+  0-1

[Event "Wichern op"]
[Site "Hamburg"]
[Date "1995.??.??"]
[Round "1"]
[White "Michna, Christian"]
[Black "Stohl, Igor"]
[Result "0-1"]
[WhiteElo "2255"]
[BlackElo "2525"]

1.e4 c5 2.c3 Nf6 3.e5 Nd5 4.Nf3 e6 5.Bc4 d6 6.O-O dxe5 7.Nxe5 Bd6 8.Bb5+ Nd7
9.d4 O-O 10.Nxd7 Bxd7 11.Bxd7 Qxd7 12.c4 Nb6 13.dxc5 Bxc5 14.Qxd7 Nxd7 15.Be3 Bxe3
16.fxe3 Ne5 17.Na3 Rfc8 18.b3 a6 19.Rfd1 Kf8 20.Kf1 Ke7 21.Rd2 Rab8 22.Rad1 Rc7
23.Nc2 b5 24.cxb5 axb5 25.Nb4 Rbc8 26.Ke2 Ng4 27.h3 Nf6 28.Rd4 g5 29.a4 bxa4
30.bxa4 Ra8 31.Ra1 Ra5 32.Kd3 Nd7 33.Ke2 Ne5 34.Ra2 f5 35.Nd3 Nd7 36.Nb2 Nf6
37.Nc4 Rac5 38.Nd2 Nd5 39.Rb2 Ra5 40.e4 Nf4+ 41.Kd1 Rac5 42.Nb3 Rc3 43.Rdd2 fxe4
44.Rbc2 e3 45.Rxc3 Rxc3 46.Rb2 e2+  0-1

[Event "Wichern op"]
[Site "Hamburg"]
[Date "1995.??.??"]
[Round "4"]
[White "Bartosik, Olimpia"]
[Black "Sievers, Stefan"]
[Result "0-1"]
[WhiteElo "2110"]
[BlackElo "2375"]

1.e4 c5 2.c3 Nf6 3.e5 Nd5 4.d4 cxd4 5.Nf3 e6 6.cxd4 Qc7 7.Bd3 b6 8.O-O Ba6
9.Bxa6 Nxa6 10.Qa4 Nab4 11.Na3 Be7 12.Bd2 O-O 13.Nb5 Qb7 14.Nc3 Rac8 15.a3 Nxc3
16.bxc3 Nc6 17.c4 d6 18.Bf4 dxe5 19.dxe5 Na5 20.Nd2 Qc6 21.Qd1 Rfd8 22.Qg4 Nxc4
23.Bh6 Bf8 24.Nf3 Rd3 25.h4 Rxf3 26.gxf3 Nxe5 27.Qg2 Nxf3+ 28.Kh1 Qe4 29.Bg5 Rc4  0-1

[Event "Wichern op"]
[Site "Hamburg"]
[Date "1995.??.??"]
[Round "9"]
[White "Boe, Mads"]
[Black "Farago, Ivan"]
[Result "1/2-1/2"]
[WhiteElo "2345"]
[BlackElo "2520"]

1.e4 c5 2.c3 Nf6 3.e5 Nd5 4.d4 cxd4 5.cxd4 b6 6.Nf3 e6 7.a3 Bb7 8.Bd3 Be7
9.O-O d6 10.Bd2 Nd7 11.Nc3 Nxc3 12.Bxc3 O-O 13.Qe2 dxe5 14.dxe5 Nc5 15.Bc4 Rc8
16.Rad1 Qc7 17.Bd4 Rfd8 18.Rfe1 h6 19.h3 Qc6 20.Bb5 Qe4 21.Qxe4 Bxe4 22.b4 Bc2
23.Bxc5 bxc5 24.Rxd8+ Rxd8 25.Rc1 Rd1+ 26.Rxd1 Bxd1 27.bxc5 Bxc5 28.a4 a5
29.Nd2 Kf8 30.Nc4 Bb4 31.f4 Bc2 32.Kf2 Be4 33.g4 g5 34.fxg5 hxg5 35.Nd6 Bd5
36.Ke3 Bc5+ 37.Kd3 Bxd6 38.exd6 e5 39.Bc4 Bxc4+ 40.Kxc4 Ke8 41.Kd5 f6 42.Kc6 Kd8
43.Kb5 Kd7 44.Kc5 Kd8 45.Kd5  1/2-1/2

[Event "Hania op"]
[Site "Hania"]
[Date "1995.??.??"]
[Round "5"]
[White "Oschetzki, Stefan"]
[Black "Grivas, Efstratios"]
[Result "0-1"]
[WhiteElo "2215"]
[BlackElo "2495"]

1.e4 c5 2.c3 Nf6 3.e5 Nd5 4.Nf3 Nc6 5.d4 cxd4 6.cxd4 d6 7.Bc4 e6 8.O-O Be7
9.Nc3 Nxc3 10.bxc3 dxe5 11.Nxe5 Nxe5 12.dxe5 Qxd1 13.Rxd1 Bd7 14.Be3 Rc8
15.Be2 Bc5 16.Bxc5 Rxc5 17.Rd4 Bc6 18.Rad1 O-O 19.Bf3 Bxf3 20.gxf3 Rxc3 21.Rd7 Rxf3
22.Rxb7 Ra3 23.Rd2 g5 24.Rb4 h6 25.h4 gxh4 26.Rxh4 Kh7 27.Rf4 Ra5 28.Rd7 Kg7
29.Rg4+ Kh8 30.Rh4 Rxe5 31.Rxa7 Kg7 32.Rb4 Rf5 33.Kg2 Rc8 34.Rb2 Rg5+ 35.Kf3 h5
36.Kf4 Rcc5 37.Rbb7 Rgf5+ 38.Kg3 Rc3+ 39.Kg2 Rc2  0-1

[Event "Hastings Masters"]
[Site "Hastings"]
[Date "1995.??.??"]
[Round "4"]
[White "Roberts, Paul"]
[Black "Howell, James C"]
[Result "0-1"]
[WhiteElo "2215"]
[BlackElo "2525"]

1.e4 c5 2.c3 Nf6 3.e5 Nd5 4.d4 cxd4 5.cxd4 b6 6.Nf3 e6 7.a3 Be7 8.Bd3 Ba6
9.O-O Bxd3 10.Qxd3 O-O 11.Nc3 Nxc3 12.bxc3 d6 13.exd6 Qxd6 14.Ne5 Nc6 15.Bf4 Nxe5
16.Bxe5 Qc6 17.Rfe1 Rfc8 18.Re3 f6 19.Bf4 Qd5 20.Rae1 Rc6 21.Rh3 g6 22.Rg3 Bf8
23.Rb1 Rac8 24.Rb5 Qc4 25.Qb1 e5 26.Bd2 exd4 27.h4 dxc3 28.Bxc3 Qxh4 29.Qb2 Bc5
30.Qb3+ Kg7 31.Rf3 Bxf2+  0-1

[Event "Helsinki EtVaS op"]
[Site "Helsinki"]
[Date "1995.??.??"]
[Round "?"]
[White "Rytshagov, Mikhail"]
[Black "Niemela, Antti"]
[Result "1-0"]
[WhiteElo "2485"]
[BlackElo "2190"]

1.e4 c5 2.c3 Nf6 3.e5 Nd5 4.Nf3 Nc6 5.Bc4 Nb6 6.Bb3 c4 7.Bc2 d6 8.Qe2 Bg4
9.exd6 Qxd6 10.Na3 Bxf3 11.Qxf3 Qe5+ 12.Be4 e6 13.O-O Bd6 14.Bxc6+ Ke7 15.g3 bxc6
16.b3 cxb3 17.axb3 Qd5 18.Qxd5 exd5 19.Nc2 a5 20.Nd4 Kd7 21.Ba3 Bxa3 22.Rxa3 a4
23.Rb1 Kc7 24.Re1 Rhe8 25.Rxe8 Rxe8 26.bxa4 Ra8 27.Nf5 g6 28.Nh6 f5 29.Nf7 Rxa4
30.Rxa4 Nxa4 31.Ng5 h6 32.Nf7 Nc5 33.Kf1 Ne4 34.Ke2 Nd6 35.Nxh6 Kd7 36.g4 Ke7
37.g5 Kf8 38.h4 Kg7 39.d3 Nb5 40.Kd2 Nd6 41.Ke3 c5 42.Kf4 c4 43.dxc4 dxc4
44.h5 Ne4 45.hxg6 Kxg6 46.Nxf5 Nxc3 47.Ne3 Ne2+ 48.Kg4 c3 49.Nc2 Nc1 50.f4 Nd3
51.f5+ Kf7 52.Kf3 Ne5+ 53.Ke4 Nc4 54.Kf4 Nd2 55.Nb4 Nc4 56.g6+ Kg7 57.Kg5 Ne3
58.f6+ Kg8 59.Nc6  1-0

[Event "Helsinki PC-SuperSto"]
[Site "Helsinki"]
[Date "1995.??.??"]
[Round "?"]
[White "Rytshagov, Mikhail"]
[Black "Niemela, Antti"]
[Result "1-0"]
[WhiteElo "2485"]
[BlackElo "2190"]

1.e4 c5 2.c3 Nf6 3.e5 Nd5 4.d4 cxd4 5.Nf3 Nc6 6.Bc4 Nb6 7.Bb3 d5 8.exd6 Qxd6
9.O-O Be6 10.Na3 dxc3 11.Qe2 Bxb3 12.Nb5 Qb8 13.axb3 e5 14.Nbd4 Nxd4 15.Nxd4 Bc5
16.Qb5+ Nd7 17.Nf5 g6 18.Rd1 Qc7 19.Ng7+ Kd8 20.Bg5+ Be7 21.Bxe7+ Kxe7 22.Rxd7+ Qxd7
23.Qxe5+ Kd8 24.Ne6+ Qxe6 25.Qxh8+ Kc7 26.Qxc3+ Qc6 27.Qe5+ Qd6 28.Rc1+ Kd7
29.Qb5+ Ke6 30.Qxb7 Rb8 31.Qe4+ Kd7 32.g3 Rb4 33.Qa8 Qb6 34.Qc8+ Kd6 35.Qf8+ Ke6
36.Qe8+ Kd6 37.Qxf7 Qb7 38.Qf8+ Kd7 39.Rd1+  1-0

[Event "Hillerod Politiken"]
[Site "Hillerod"]
[Date "1995.??.??"]
[Round "7"]
[White "Olesen, Martin"]
[Black "Schandorff, Lars"]
[Result "0-1"]
[WhiteElo "2340"]
[BlackElo "2450"]

1.e4 c5 2.c3 Nf6 3.e5 Nd5 4.d4 cxd4 5.Nf3 e6 6.cxd4 b6 7.Bd3 Ba6 8.O-O Qc8
9.Nc3 Nxc3 10.Bxa6 Nxa6 11.bxc3 Qxc3 12.Be3 Qc6 13.Nd2 Nb4 14.Qg4 h5 15.Qg3 Qd5
16.Qf4 Nd3 17.Qg3 h4 18.Qg4 h3 19.gxh3 Be7 20.Qg2 Qxg2+ 21.Kxg2 f6 22.f4 Nb4
23.Bg1 Rc8 24.Rac1 Kf7 25.a4 Nd5 26.Kg3 f5  0-1

[Event "Hofheim MT"]
[Site "Hofheim"]
[Date "1995.??.??"]
[Round "6"]
[White "Kopp, Peter"]
[Black "Kersten, Uwe"]
[Result "0-1"]
[WhiteElo "2135"]
[BlackElo "2310"]

1.e4 c5 2.c3 Nf6 3.e5 Nd5 4.d4 cxd4 5.Nf3 e6 6.cxd4 Qc7 7.Bd2 Nc6 8.Nc3 Nxc3
9.bxc3 d6 10.exd6 Bxd6 11.Bd3 O-O 12.Qe2 e5 13.d5 Ne7 14.c4 f5 15.Bc2 Bd7
16.Bb3 Kh8 17.Ng5 Ng8 18.O-O Nf6 19.g3 Rae8 20.Rac1 Bc5 21.Be3 b6 22.Bxc5 bxc5
23.Bc2 Qd6 24.Rb1 Bc8 25.Rfe1 h6 26.Nf3 e4 27.Nh4 Kh7 28.f3 g5 29.Ng2 exf3
30.Qxf3 Ne4 31.Rbd1 Kg8 32.Bxe4 fxe4 33.Qc3 Bg4 34.Rb1 Re7 35.Ne3 Bf3 36.Rb2 h5
37.Qd2 h4 38.Nf1 hxg3 39.Nxg3 Kh8 40.Qf2 Rf4 41.Reb1 Kh7 42.Rb7 Kg6 43.Rxe7 Qxe7
44.Rb8 Qe5 45.Qb2 Qxb2 46.Rxb2 e3 47.Rb3 Rxc4 48.Rxe3 Bxd5 49.a3 Rc2 50.Re7 Rg2+
51.Kf1 Rxh2 52.Rxa7 g4 53.Rc7 Rc2 54.Ke1 Bf3 55.Re7 Kf6 56.Rc7 Ke5 57.Nh5 Kd4
58.Ng7 Re2+ 59.Kf1 Ra2 60.Ne6+ Ke3 61.Kg1 Ra1+ 62.Kh2 Rh1+  0-1

[Event "EU-ch U20"]
[Site "Holon"]
[Date "1995.??.??"]
[Round "2"]
[White "Finkel, Alexander"]
[Black "Skripchenko, Almira"]
[Result "0-1"]
[WhiteElo "2490"]
[BlackElo "2400"]

1.e4 c5 2.c3 Nf6 3.e5 Nd5 4.Nf3 Nc6 5.Bc4 Nb6 6.Be2 d5 7.d4 cxd4 8.cxd4 Bf5
9.O-O e6 10.Bg5 Be7 11.Bxe7 Qxe7 12.Nc3 a6 13.a3 O-O 14.Qb3 Nc4 15.Rac1 b5
16.Rfd1 Rab8 17.Na2 a5 18.h3 Rfc8 19.Kh2 h6 20.g4 Bg6 21.Kg3 a4 22.Qc3 b4
23.axb4 Nxb4 24.Nxb4 Rxb4 25.Bxc4 Rcxc4 26.Qd2 Qb7 27.Rxc4 dxc4 28.d5 Rxb2
29.Qa5 Rb3 30.Rd4 exd5 31.Rf4 Be4 32.Qxa4 Qe7 33.Qa8+ Kh7 34.Rxe4 dxe4 35.Qxe4+ g6
36.Qxc4 Qxe5+ 37.Kg2 Qe6 38.Qxe6 fxe6 39.g5 Rb5 40.h4 e5 41.Kg3 Rb3 42.Kg2 e4
43.Nd2 e3 44.fxe3 Rxe3 45.Kf2 Ra3 46.Nf3 h5 47.Kg3 Ra4 48.Ne1 Kg7 49.Ng2 Rg4+  0-1

[Event "HUN-chT1"]
[Site "HUN"]
[Date "1995.??.??"]
[Round "?"]
[White "Palkovi, Jozsef"]
[Black "Sarosi, Zoltan"]
[Result "1-0"]
[WhiteElo "2420"]
[BlackElo "2325"]

1.e4 c5 2.c3 Nf6 3.e5 Nd5 4.d4 cxd4 5.Nf3 Nc6 6.Bc4 Nb6 7.Bb3 d5 8.exd6 e6
9.cxd4 Bxd6 10.O-O O-O 11.Nc3 Nd5 12.Re1 Nxc3 13.bxc3 Qc7 14.Qd3 e5 15.dxe5 Nxe5
16.Nxe5 Bxe5 17.Ba3 Be6 18.Bxf8 Rxf8 19.Bxe6 fxe6 20.Qh3 Rf6 21.Qh5 Bxc3
22.Rac1 Qf4 23.Qe8+ Rf8 24.Qxe6+ Kh8 25.Rf1 Bd4 26.Rc8 h6 27.Rxf8+ Qxf8 28.Qd7 Qb4
29.Rd1 Bb6 30.Qc8+ Kh7 31.Qf5+ Kg8 32.Rc1  1-0

[Event "HUN-chT1"]
[Site "HUN"]
[Date "1995.??.??"]
[Round "?"]
[White "Palkovi, Jozsef"]
[Black "Tegzes, Laszlo"]
[Result "1-0"]
[WhiteElo "2420"]
[BlackElo "2200"]

1.e4 c5 2.c3 Nf6 3.e5 Nd5 4.Nf3 Nc6 5.Bc4 e6 6.d4 cxd4 7.cxd4 d6 8.a3 Be7
9.O-O O-O 10.Bd2 a6 11.Qe2 b5 12.Bd3 Bb7 13.Nc3 Nxc3 14.Bxc3 Na5 15.a4 Nb3
16.Ra3 bxa4 17.Rxa4 dxe5 18.Nxe5 Qb6 19.d5 Nc5 20.Rg4 Bf6 21.b4 Na4 22.Qe4 g6
23.Nxg6 fxg6 24.Rxg6+  1-0

[Event "HUN-chT1"]
[Site "HUN"]
[Date "1995.??.??"]
[Round "?"]
[White "Rovid, Kalman"]
[Black "Mann, Gerald"]
[Result "0-1"]
[WhiteElo "2385"]
[BlackElo "2350"]

1.e4 c5 2.c3 Nf6 3.e5 Nd5 4.Nf3 Nc6 5.Bc4 Nb6 6.Bb3 c4 7.Bc2 d6 8.exd6 Qxd6
9.O-O Bg4 10.b3 Ne5 11.Na3 Nxf3+ 12.gxf3 Bh3 13.Re1 cxb3 14.axb3 Rc8 15.c4 f5
16.Kh1 Qd4 17.Rb1 Qxf2 18.Rg1 Rc6  0-1

[Event "HUN-chT1"]
[Site "HUN"]
[Date "1995.??.??"]
[Round "?"]
[White "Rovid, Kalman"]
[Black "Zila, Laszlo"]
[Result "1-0"]
[WhiteElo "2385"]
[BlackElo "2195"]

1.e4 c5 2.c3 Nf6 3.e5 Nd5 4.Nf3 e6 5.d4 cxd4 6.cxd4 b6 7.Nc3 Nxc3 8.bxc3 Qc7
9.Bd2 Bb7 10.Bd3 d6 11.O-O Nd7 12.Re1 dxe5 13.Nxe5 Nxe5 14.Rxe5 Bd6 15.Rh5 g6
16.Rh3 Qc6 17.Qf1 O-O 18.Re1 Qc7 19.Qe2 Bf4 20.c4 Bxd2 21.Qxd2 Rfe8 22.Qh6 f5
23.Rhe3 Qd7 24.Qh4 Re7 25.d5 Rae8 26.Qf6 Bc8 27.h4 Rf8 28.Qe5 Rd8 29.h5 Qd6
30.hxg6 Qxe5 31.gxh7+ Rxh7 32.Rxe5 exd5 33.Re8+  1-0

[Event "HUN-chT1"]
[Site "HUN"]
[Date "1995.??.??"]
[Round "?"]
[White "Szabo, Zsolt"]
[Black "Erdelyi, Tamas"]
[Result "1/2-1/2"]
[WhiteElo "2350"]
[BlackElo "2305"]

1.e4 c5 2.c3 Nf6 3.e5 Nd5 4.d4 cxd4 5.Nf3 e6 6.cxd4 b6 7.Bd2 Bb7 8.Nc3 Nxc3
9.Bxc3 Be7 10.Bd3 O-O  1/2-1/2

[Event "HUN-chT1"]
[Site "HUN"]
[Date "1995.??.??"]
[Round "?"]
[White "Tegzes, Laszlo"]
[Black "Farago, Sandor"]
[Result "1/2-1/2"]
[WhiteElo "2200"]
[BlackElo "2360"]

1.e4 c5 2.c3 Nf6 3.e5 Nd5 4.d4 cxd4 5.cxd4 e6 6.Nc3 Nxc3 7.bxc3 Qc7 8.Bd2 d6
9.Nf3 Nd7 10.exd6 Bxd6 11.Bd3 h6 12.Qe2 b6 13.O-O Bb7 14.Rae1 O-O 15.Ne5 Bxe5
16.dxe5 Rfd8 17.f4 Nc5 18.Bb1 Ba6 19.c4 Bxc4 20.Qxc4 Rxd2 21.f5 exf5 22.Bxf5 Re8
23.e6 fxe6 24.Rxe6 Rxe6 25.Bxe6+ Nxe6 26.Qxe6+ Kh7 27.Qf5+  1/2-1/2

[Event "HUN-chT1"]
[Site "HUN"]
[Date "1995.??.??"]
[Round "?"]
[White "Baranyai, Szabolcs Jr"]
[Black "Monda, Laszlo"]
[Result "0-1"]
[WhiteElo "2135"]
[BlackElo "2170"]

1.e4 c5 2.c3 Nf6 3.e5 Nd5 4.d4 cxd4 5.cxd4 Nc6 6.Nc3 Nxc3 7.bxc3 d6 8.exd6 Qxd6
9.Nf3 g6 10.Be2 Bg7 11.O-O O-O 12.a4 Rd8 13.Be3 Na5 14.Rb1 Bf5 15.Rb5 b6
16.Qc1 Rac8 17.c4 Bd7 18.Bf4 Qe6 19.Rxa5 bxa5 20.Re1 Bxa4 21.Bd3 Qd7 22.Qa3 e6
23.Ne5 Qxd4 24.Re4 Qxe4  0-1

[Event "HUN-chT1"]
[Site "HUN"]
[Date "1995.??.??"]
[Round "?"]
[White "Honos, Attila"]
[Black "Banas, Jan"]
[Result "1/2-1/2"]
[WhiteElo "2310"]
[BlackElo "2410"]

1.e4 c5 2.c3 Nf6 3.e5 Nd5 4.d4 cxd4 5.Nf3 e6 6.cxd4 d6 7.Bc4 Nb6 8.Bb5+ Bd7
9.Bxd7+ Qxd7 10.O-O Nc6 11.Nc3 Be7 12.Bf4 O-O 13.Re1 Rfd8 14.Qe2 Rac8 15.Rad1 Nb4
16.Bg5 N6d5 17.Ne4 dxe5 18.Nxe5 Qe8 19.Bxe7 Qxe7 20.a3 Nc6 21.Nxc6 Rxc6 22.Rc1 Rdc8
23.Rc5 Qd7 24.Qd2 b6 25.Rxc6 Qxc6 26.h3 h6 27.Kh2 Qa4 28.Qd1 Qc2 29.Qe2 Rc4
30.Nc3 Qxe2 31.Rxe2 Nxc3 32.Rc2 Rxd4 33.Rxc3 Rd2 34.f3 g6 35.b3 Ra2 36.a4 Rb2
37.h4 Kg7 38.Kh3 Kf6 39.Kg3 h5 40.Kh3 a6 41.Kg3 Kf5 42.a5 b5 43.Rc6 Rxb3
44.Rxa6 Ra3 45.Ra8 e5 46.a6 f6 47.Rb8 Rxa6 48.Rxb5 Ra3 49.Rb4 Rd3 50.Ra4 Rd1
51.Rb4 Rh1 52.Ra4 g5 53.hxg5 Kxg5 54.Ra8 h4+ 55.Kf2 f5 56.Rg8+ Kf6 57.Rh8 Kg5
58.Rg8+ Kf6 59.Rf8+  1/2-1/2

[Event "HUN-chT2 9495"]
[Site "HUN"]
[Date "1995.??.??"]
[Round "?"]
[White "Egri, Laszlo"]
[Black "Katona, Marton"]
[Result "1/2-1/2"]
[WhiteElo "2180"]
[BlackElo "2200"]

1.e4 c5 2.c3 Nf6 3.e5 Nd5 4.d4 cxd4 5.cxd4 e6 6.Nc3 Nxc3 7.bxc3 d6 8.Nf3 Nc6
9.Bb5 Bd7 10.Bxc6 Bxc6 11.O-O Be7 12.Re1 O-O 13.Bf4 b5 14.Re3 Rc8  1/2-1/2

[Event "HUN-chT2 9495"]
[Site "HUN"]
[Date "1995.??.??"]
[Round "?"]
[White "Gosztola, Istvan"]
[Black "Nagy, Zoltan"]
[Result "1/2-1/2"]
[WhiteElo "2285"]
[BlackElo "2250"]

1.e4 c5 2.c3 Nf6 3.e5 Nd5 4.d4 cxd4 5.Nf3 e6 6.cxd4 b6 7.Nc3 Bb7 8.Bd3 Nxc3
9.bxc3 Qc7 10.Bd2 d6 11.O-O Nd7 12.Re1 Be7 13.Ng5 dxe5 14.dxe5 g6 15.Qa4 h6
16.Ne4 Kf8 17.Bf4 Kg7 18.Rad1 Nc5 19.Nxc5 Bxc5 20.Be4 Bxe4 21.Rxe4 Rad8 22.Ree1 Be7
23.c4 Rxd1 24.Rxd1 Rd8 25.Rxd8 Bxd8 26.Qc2 Be7 27.Qd3 Qd8 28.Qxd8 Bxd8 29.Kf1 Be7
30.Ke2 h5 31.Kd3 Kf8 32.Be3 Ke8 33.f3 Kd7 34.g4 hxg4 35.fxg4 g5 36.a4 Kc6
37.Ke4 Bd8 38.Kd4 Be7 39.Ke4 Bd8 40.Kd4 Be7 41.Ke4 Bd8 42.Kd4 Be7  1/2-1/2

[Event "Papp Bela mem"]
[Site "HUN"]
[Date "1995.??.??"]
[Round "?"]
[White "Galyas, Miklos"]
[Black "Schlusnik, Nandor"]
[Result "1-0"]
[WhiteElo "2310"]
[BlackElo "2230"]

1.e4 c5 2.c3 Nf6 3.e5 Nd5 4.d4 cxd4 5.Nf3 e6 6.cxd4 d6 7.Bc4 dxe5 8.dxe5 Bb4+
9.Bd2 O-O 10.O-O Bxd2 11.Nbxd2 Nb6 12.Bb3 Nc6 13.Qe2 Nd7 14.Rfd1 Qc7 15.Nc4 Rd8
16.Rac1 h6 17.Bc2 g6 18.Qe3 Kg7 19.Qf4 b5 20.Nd6 Rf8 21.Qxf7+ Rxf7 22.Ne8+ Kf8
23.Nxc7 Ndxe5 24.Nxa8 Bb7 25.Be4  1-0

[Event "Papp Bela mem"]
[Site "HUN"]
[Date "1995.??.??"]
[Round "?"]
[White "Szabo, Zsolt Jozsef"]
[Black "Korpics, Zsolt"]
[Result "1/2-1/2"]
[WhiteElo "2295"]
[BlackElo "2305"]

1.e4 c5 2.c3 Nf6 3.e5 Nd5 4.d4 cxd4 5.Nf3 e6 6.cxd4 b6 7.Bd2 Ba6 8.Bxa6 Nxa6
9.Qa4 Nac7 10.O-O Be7 11.Rc1 O-O 12.Nc3 f6 13.Ne4 f5 14.Nc3  1/2-1/2

[Event "Papp Bela mem"]
[Site "HUN"]
[Date "1995.??.??"]
[Round "?"]
[White "Nagy, Mihaly"]
[Black "Bako, Viktor"]
[Result "0-1"]
[WhiteElo "2120"]
[BlackElo "2265"]

1.e4 c5 2.c3 Nf6 3.e5 Nd5 4.d4 cxd4 5.Qxd4 e6 6.f4 Nc6 7.Qe4 f5 8.exf6 Nxf6
9.Qc2 Bc5 10.Nf3 Ng4 11.Bd3 Nf2 12.Rf1 Nxd3+ 13.Qxd3 d5 14.b4 Bd6 15.Kf2 Qf6
16.Nd4 Nxd4 17.cxd4 Bd7 18.b5 O-O 19.Nc3 Bxf4 20.Bxf4 Qxf4+ 21.Kg1 Qg4 22.a4 Rac8
23.a5 Rxf1+ 24.Kxf1 Rc4 25.Ra4 Rxc3  0-1

[Event "HUN-chT1 9596"]
[Site "HUN"]
[Date "1995.??.??"]
[Round "1"]
[White "Horvath, M."]
[Black "Csonkics, Tunde"]
[Result "1/2-1/2"]
[WhiteElo "2290"]
[BlackElo "2220"]

1.e4 c5 2.c3 Nf6 3.e5 Nd5 4.d4 cxd4 5.Nf3 e6 6.cxd4 d6 7.Nc3 Nxc3 8.bxc3 Qc7
9.Qb3 dxe5 10.Nxe5 Bd6 11.Bb5+ Bd7 12.Nc4 Be7 13.Rb1 O-O 14.O-O Bxb5 15.Qxb5 b6
16.Ne3 Qxc3 17.d5 Qc5 18.Qb3 Qd6 19.Rd1 Na6 20.Nc4 Nc5 21.Qf3 Qd7 22.Ne5 Qb7
23.Nc6 exd5 24.Qxd5 Rac8 25.Nxe7+ Qxe7 26.Be3 Rfe8 27.h3 h6 28.Rdc1 Qe4 29.Qc4 Rc6
30.Qb5 Rec8 31.Rb4 Qe6 32.Rg4 Nd7  1/2-1/2

[Event "HUN-chT2 9596"]
[Site "HUN"]
[Date "1995.??.??"]
[Round "2"]
[White "Egedi, Istvan"]
[Black "Deak, Sandor"]
[Result "0-1"]
[WhiteElo "2290"]
[BlackElo "2325"]

1.e4 c5 2.c3 Nf6 3.e5 Nd5 4.d4 cxd4 5.Qxd4 Nc7 6.Nf3 Nc6 7.Qe4 Ne6 8.Bc4 Qc7
9.O-O g6 10.Na3 Bg7 11.Nb5 Qb8 12.Re1 a6 13.Nbd4 Na5 14.Nxe6 dxe6 15.Bd3 Nc6
16.Bf4 Bd7 17.Rad1 Qc7 18.a4 Rc8 19.Qe3 Na5 20.Bh6 O-O 21.b4 Nb3 22.Qg5 f6
23.Qh4 Bxa4 24.Qh3 Rf7 25.Bxg7 Kxg7 26.Re3 Qb6 27.Bc2 a5 28.bxa5 Qxa5 29.Qxe6 Rxc3
30.exf6+ exf6 31.Ne1 Nc5 32.Qa2 Rxe3 33.fxe3 b5 34.Bxa4 bxa4 35.Nc2 Qc3 36.Kf2 Ne4+
37.Kg1 Rc7  0-1

[Event "HUN-chT2 9596"]
[Site "HUN"]
[Date "1995.??.??"]
[Round "4"]
[White "Szittar, Antal"]
[Black "Frank, Jozsef"]
[Result "1/2-1/2"]
[WhiteElo "2200"]
[BlackElo "2335"]

1.e4 c5 2.c3 Nf6 3.e5 Nd5 4.d4 Nc6 5.Nf3 d6 6.Bc4 Nc7 7.Qe2 Bg4 8.exd6 Qxd6
9.Bxf7+ Kxf7 10.Ng5+ Kg8 11.Qxg4 cxd4 12.O-O Rd8 13.cxd4 Qxd4 14.Qg3 h6 15.Nf3 Qd7
16.Nc3 e6 17.Bf4 Nd5 18.Ne4 Nxf4 19.Qxf4 Qf7 20.Qe3 Be7 21.Rfe1 Kh7 22.Nc3 Rd6
23.Nb5 Rd7 24.Nxa7 Bf6 25.Nxc6 bxc6 26.Qe4+ g6 27.Qxe6 Bxb2 28.Rab1 Bg7 29.Qxc6 Ra7
30.a4 Rha8 31.Rbd1 Rxa4 32.Rd7 Qf8 33.g3 R8a6 34.Qd5 Ra1 35.Rxa1 Rxa1+ 36.Kg2 Ra3
37.Rf7 Qa8 38.Qxa8 Rxa8 39.h4 Kg8 40.Rd7 Rf8 41.Ne1 Rf6 42.Nd3 Rf7 43.Rd8+ Kh7
44.Rd5 Ra7 45.f4 Bf6 46.Kf3 Kg7 47.h5 Re7 48.hxg6 Kxg6 49.g4 Ra7 50.Rd6 Kg7
51.Ke4 Bh4 52.Ne5 Bg3 53.Kf5 Rb7 54.Rd7+ Rxd7 55.Nxd7 Kf7 56.Ne5+ Kg7 57.Nd3 Kf7
58.Ke4 Ke6 59.Nb4 Bf2 60.Nd5 Bh4 61.Ne3 Be7 62.Nf5 Bf8 63.Ng3 Bd6 64.Nh5 Bf8
65.f5+ Kf7 66.Ke5 Ba3 67.Kd5 Bb2 68.Kd6 Ba3+  1/2-1/2

[Event "Kassel op"]
[Site "Kassel"]
[Date "1995.??.??"]
[Round "2"]
[White "Haase, Wolfgang"]
[Black "Gutman, Lev"]
[Result "0-1"]
[WhiteElo "2055"]
[BlackElo "2470"]

1.e4 c5 2.c3 Nf6 3.e5 Nd5 4.d4 cxd4 5.Nf3 d6 6.cxd4 Nc6 7.Bc4 Nb6 8.Bb5 dxe5
9.Nxe5 Bd7 10.Bxc6 Bxc6 11.Nxc6 bxc6 12.Nc3 e6 13.O-O Be7 14.Qf3 Rc8 15.Rd1 O-O
16.Bf4 Nd5 17.Ne4 Qb6 18.Nd6 Rcd8 19.Nc4 Qb5 20.b3 Nxf4 21.Qxf4 Bf6 22.Rab1 Rd5
23.Ne3 Bg5 24.Qe4 Bxe3 25.fxe3 Rfd8 26.Rdc1 c5 27.Rc4 cxd4 28.exd4 Qb6 29.Rd1 e5
30.Kf1 exd4 31.Rd3 Qd6 32.Kg1 g6 33.g3 Kg7 34.Kg2 Rd7 35.h4 h5 36.Qf4 Qa3
37.Qd2 Qd6 38.Qf4 Qb6 39.Qe4 Qd8 40.Qf4 R7d6 41.Qd2 Qd7 42.Qb2 Qg4 43.Qf2 Rf5
44.Qd2 Re6 45.Rc2 Qe4+ 46.Kh2 Rf1  0-1

[Event "Katowice op"]
[Site "Katowice"]
[Date "1995.??.??"]
[Round "3"]
[White "Michalczyk, Stanislaw"]
[Black "Skalik, Przemyslaw"]
[Result "0-1"]
[WhiteElo "2140"]
[BlackElo "2330"]

1.e4 c5 2.c3 Nf6 3.e5 Nd5 4.d4 cxd4 5.Qxd4 e6 6.Nf3 Nc6 7.Qe4 d6 8.Nbd2 dxe5
9.Nxe5 Nxe5 10.Qxe5 f6 11.Bb5+ Kf7 12.Qe4 Bd7 13.Bxd7 Qxd7 14.O-O Bd6 15.Nf3 Rac8
16.c4 Ne7 17.Be3 Qc6 18.Qd3 Nf5 19.Rac1 Rhd8 20.Qb3 b6 21.Rfe1 Rd7 22.a4 Rcd8
23.a5 Nxe3 24.Qxe3 Bb4 25.Rf1 bxa5 26.h3 Qc5 27.Qe4 g6 28.Qh4 Kg7 29.Qe4 Rd6
30.h4 R8d7 31.Rc2 Qf5 32.Qxf5 gxf5 33.c5 Rc6 34.Rfc1 Rd5 35.Rc4 Rdxc5 36.Rxc5 Rxc5
37.Rd1 Rc7 38.Nd4 Kf7 39.Nb5 Rb7  0-1

[Event "Katowice op"]
[Site "Katowice"]
[Date "1995.??.??"]
[Round "5"]
[White "Michalczyk, Stanislaw"]
[Black "Umansky, Vladimir"]
[Result "0-1"]
[WhiteElo "2140"]
[BlackElo "2350"]

1.e4 c5 2.c3 Nf6 3.e5 Nd5 4.d4 cxd4 5.Qxd4 e6 6.Nf3 Nc6 7.Qe4 f5 8.exf6 Nxf6
9.Qh4 Qc7 10.Bd3 Nb4 11.Bg6+ hxg6 12.Qxh8 Nc2+ 13.Kd1 Nxa1 14.Bg5 Ne4 15.Bh4 Qd6+
16.Nbd2 Nxd2 17.Nxd2 Qd3 18.Re1 b6 19.Re4 Ba6 20.c4 d5 21.Rf4 Kd7 22.Rxf8 Qc2+
23.Ke1 Qc1+ 24.Ke2 Bxc4+ 25.Kf3 Rxf8+ 26.Qxf8 Qd1+ 27.Kg3 Qxd2 28.Qe7+ Kc6
29.Qxe6+ Kb7 30.Qe7+ Ka6 31.Bg5 Qd3+ 32.f3 Nc2 33.b3 Bb5 34.a4 Bc6 35.b4 Bxa4
36.Qd8 Kb5 37.Qd7+ Kxb4 38.Be7+ Kb3 39.Qxa7 Qe3 40.Bd8 b5 41.Bb6 Qg5+ 42.Kh3 b4
43.Bf2 Bb5  0-1

[Event "Katowice op"]
[Site "Katowice"]
[Date "1995.??.??"]
[Round "6"]
[White "Borngaesser, Rene"]
[Black "Goloshchapov, Alexander"]
[Result "0-1"]
[WhiteElo "2365"]
[BlackElo "2200"]

1.e4 c5 2.c3 Nf6 3.e5 Nd5 4.d4 cxd4 5.Nf3 Nc6 6.Bc4 Nb6 7.Bb3 d5 8.exd6 Qxd6
9.O-O Be6 10.Na3 dxc3 11.Qe2 Bxb3 12.Nb5 Qb8 13.axb3 e6 14.Rd1 Be7 15.Nxc3 O-O
16.Qe4 e5 17.Nd5 Nxd5 18.Rxd5 f6 19.Be3 Qc8 20.Qc4 Kh8 21.h4 Rd8 22.Rxd8+ Qxd8
23.h5 Qe8 24.Qg4 Qc8 25.Qc4 Qf5 26.h6 gxh6 27.Nh4 Qh5 28.Qe4 Rg8 29.f3 Rd8
30.Rc1 Bf8 31.Nf5 Qg6 32.Kf2 h5 33.Rh1 Ne7 34.Ng3 Rd3 35.Qxb7 Rxe3 36.Qb8 Qc2+
37.Kg1 Re1+ 38.Kh2 Rxh1+ 39.Kxh1 Kg8  0-1

[Event "Kemerovo1"]
[Site "Kemerovo"]
[Date "1995.??.??"]
[Round "1"]
[White "Sveshnikov, Evgeny"]
[Black "Ruban, Vadim"]
[Result "1/2-1/2"]
[WhiteElo "2580"]
[BlackElo "2535"]

1.e4 c5 2.c3 Nf6 3.e5 Nd5 4.Nf3 d6 5.d4 cxd4 6.cxd4 Nc6 7.Nc3 dxe5 8.dxe5 Nxc3
9.Qxd8+ Kxd8 10.bxc3 h6 11.Be3 Bg4 12.Rb1 Kc8 13.Nd4 Nxe5 14.f4 Nd7 15.h3 Bh5
16.g4 e5 17.gxh5 exd4 18.Bxd4 Kc7 19.Bc4 Bd6 20.Bxf7 Rhf8 21.Bg6 Rxf4 22.Bxg7 Bf8
23.Bd4 Bc5 24.Rf1 Raf8 25.Rxf4 Rxf4 26.Bg7 Bf8 27.Bh8 Be7 28.Bg7 Bf8 29.Bxf8 Nxf8
30.Ke2 Ne6 31.Ke3 Rh4 32.Bf5 Rxh5 33.Bxe6 Re5+ 34.Kd4  1/2-1/2